Fundamentals of Applied Electromagnetics / (Record no. 4848)
[ view plain ]
| 000 -LEADER | |
|---|---|
| fixed length control field | 01508nac a22002531u 4500 |
| 008 - FIXED-LENGTH DATA ELEMENTS--GENERAL INFORMATION | |
| fixed length control field | 100915t xxu||||| |||| 00| 0 eng d |
| 010 ## - LIBRARY OF CONGRESS CONTROL NUMBER | |
| LC control number | 2006045823 |
| 020 ## - INTERNATIONAL STANDARD BOOK NUMBER | |
| International Standard Book Number | 0132413264 |
| 082 00 - DEWEY DECIMAL CLASSIFICATION NUMBER | |
| Classification number | 621.3 |
| Item number | ULA |
| 100 ## - MAIN ENTRY--PERSONAL NAME | |
| Personal name | Ulaby, Fawwaz T. |
| 9 (RLIN) | 19193 |
| 245 10 - TITLE STATEMENT | |
| Title | Fundamentals of Applied Electromagnetics / |
| Statement of responsibility, etc | Fawwaz T. Ulaby. |
| 246 30 - VARYING FORM OF TITLE | |
| Title proper/short title | Applied electromagnetics |
| 260 ## - PUBLICATION, DISTRIBUTION, ETC. (IMPRINT) | |
| Place of publication, distribution, etc | Upper Saddle River, N.J. : |
| Name of publisher, distributor, etc | Pearson/Prentice Hall, |
| Date of publication, distribution, etc | c2007. |
| 300 ## - PHYSICAL DESCRIPTION | |
| Extent | xvi, 464 p. : |
| Other physical details | ill. (some col.) ; |
| Dimensions | 25 cm. |
| 504 ## - BIBLIOGRAPHY, ETC. NOTE | |
| Bibliography, etc | Includes bibliographical references (p. 457-458)and index. |
| 650 #0 - SUBJECT ADDED ENTRY--TOPICAL TERM | |
| Topical term or geographic name as entry element | Electromagnetism. |
| 9 (RLIN) | 19194 |
| 650 #0 - SUBJECT ADDED ENTRY--TOPICAL TERM | |
| Topical term or geographic name as entry element | Electromagnetism |
| General subdivision | Industrial applications. |
| 9 (RLIN) | 19195 |
| 942 ## - ADDED ENTRY ELEMENTS (KOHA) | |
| Item type | Book - Borrowing |
| Call number prefix | 621.3ULA |
| Source of classification or shelving scheme | Dewey Decimal Classification |
| Withdrawn status | Item status | Source of classification or shelving scheme | Damaged status | Not for loan | Vendor | Home library | Current library | Shelving location | Date acquired | Source of acquisition | Cost, normal purchase price | Total Checkouts | Total Renewals | Full call number | Barcode | Date last seen | Date last borrowed | Cost, replacement price | Koha item type |
|---|---|---|---|---|---|---|---|---|---|---|---|---|---|---|---|---|---|---|---|
| Dewey Decimal Classification | Central Library | Central Library | First floor | 25/09/2007 | 180.00 | 21 | 269 | 621.3 ULA | 000005774 | 15/07/2025 | 02/03/2020 | 225.00 | Book - Borrowing | ||||||
| Dewey Decimal Classification | Central Library | Central Library | First floor | 15/09/2010 | 180.00 | 5 | 621.3 ULA | 000005938 | 15/07/2025 | 17/04/2013 | 225.00 | NB - Book (Non borrowing) | |||||||
| Dewey Decimal Classification | Central Library | Central Library | First floor | 15/09/2010 | 180.00 | 23 | 180 | 621.3 ULA | 000000275 | 15/07/2025 | 02/12/2020 | 225.00 | Book - Borrowing | ||||||
| Dewey Decimal Classification | Central Library | Central Library | First floor | 15/09/2010 | 180.00 | 1 | 621.3 ULA | 000021645 | 24/08/2022 | 22/10/2014 | 225.00 | CD | DVD - With book | |||||||
| Dewey Decimal Classification | Central Library | Central Library | First floor | 18/07/2011 | 180.00 | 621.3 ULA | 000023943 | 24/08/2022 | 225.00 | CD | DVD - With book (NB) |